Statistics for Top 50 Youtubers

Click here to take the quiz!

General Stats

  • This quiz has been taken 31 times
  • The average score is 7 of 50

Answer Stats

Hint51Answer% Correct
2PewDiePie
83%
21MrBeast
72%
1T-Series
52%
3Cocomelon-Nursery Rhymes
38%
11Justin Bieber
28%
55-Minute Crafts
21%
23Ariana Grande
21%
12Dude Perfect
21%
4SET India
21%
6WWE
21%
18EminemMusic
17%
31Taylor Swift
17%
16Blackpink
14%
17Ed Sheeran
14%
7Kids Diana Show
14%
9Like Nastya
14%
28JuegaGerman
10%
33Katy Perry
10%
15Marshmello
10%
50One Direction
10%
46Rihanna
10%
13Vlad and Niki
10%
8Zee Music Company
10%
14Zee TV
10%
27Aaj Tak
7%
45Alan Walker
7%
19Big Hit Labels
7%
48Billie Eilish
7%
30ChuChu TV Nursery Rhymes & Kids Song
7%
34elrubiusOMG
7%
32Felipe Neto
7%
25Goldmines Telefilms
7%
47LooLoo Kids-Nursery Rhymes and Children's Songs
7%
20Movieclips
7%
24Shemaroo Filmi Gaane
7%
35Sony Music India
7%
37Wave Music
7%
29whinderssannunes
7%
22Badapun
3%
43BangtonTV
3%
44Bright Side
3%
10Cnal Kondzilla
3%
41El Reino Infantil
3%
38Fernsnflon
3%
26HolaSalGerman
3%
49Luisito Camunica
3%
36Pinkfang Kids Stories & Songs
3%
40SAB TV
3%
39TheEllenShow
3%
42Vace Sabra
3%

Score Distribution

Percentile by Number Answered

Percent of People with Each Score

Your Score History

You have not taken this quiz